|
|
|
|
| LEADER |
01238nam a2200361 i 4500 |
| 001 |
41996 |
| 003 |
BD-DhAAL |
| 005 |
20240109114606.0 |
| 008 |
231202t2022 cau 000 0 eng |
| 010 |
|
|
|a 2021944956
|
| 020 |
|
|
|a 9781529761306
|
| 020 |
|
|
|a 9781529761313
|
| 020 |
|
|
|z 9781529788051
|
| 020 |
|
|
|z 9781529786071
|
| 020 |
|
|
|z 9781529784091
|
| 040 |
|
|
|a DLC
|b eng
|e rda
|c DLC
|d DLC
|d BD-DhAAL
|
| 042 |
|
|
|a pcc
|
| 050 |
0 |
0 |
|a LB14.7
|b .A883 2022
|
| 082 |
|
|
|a 370.1
|2 23
|
| 100 |
1 |
|
|a Aubrey, Karl,
|e author.
|9 55834
|
| 245 |
1 |
0 |
|a Understanding and using educational theories /
|c Karl Aubrey and Alison Riley.
|
| 250 |
|
|
|a Third edition
|
| 264 |
|
1 |
|a Los Angeles :
|b SAGE Publications,
|c 2022.
|
| 300 |
|
|
|a vi, 396 pages :
|b illustrations ;
|c 24 cm.
|
| 526 |
|
|
|a ENH
|
| 541 |
|
|
|a Karim International
|e 41996
|
| 650 |
|
0 |
|a Education
|x Philosophy.
|
| 650 |
|
0 |
|a Critical pedagogy.
|
| 700 |
1 |
|
|a Riley, Alison,
|e author.
|9 55835
|
| 852 |
|
|
|a Ayesha Abed Library
|c General Stacks
|
| 942 |
|
|
|2 ddc
|c BK
|
| 999 |
|
|
|c 46182
|d 46182
|
| 952 |
|
|
|0 0
|1 0
|2 ddc
|4 0
|6 370_100000000000000_AUB
|7 0
|9 74846
|a BRACUL
|b BRACUL
|c GEN
|d 2023-12-02
|e Karim International
|g 4590.00
|l 3
|m 3
|o 370.1 AUB
|p 3010041996
|r 2026-02-22
|s 2025-09-30
|t 1
|v 4590.00
|w 2023-12-02
|y BK
|